80 längste Flüsse - Statistiken

Allgemein
  • Dieses Quiz wurde 6 mal gespielt
  • Das Durchschnittsergebnis liegt bei 24 aus 80
Antwortstatistiken
Rang Länge Fluss % Korrekt
2. 6'400 km Amazonas
100%
45. 1'904 km Don
100%
1. 6'650 km Nil
100%
17. 3'530 km Wolga
100%
7. 5'052 km Amur
80%
27. 2'857 km Donau
80%
78. 1'245 km Elbe
80%
3. 6'380 km Jangtsekiang
80%
9. 4'835 km Kongo
80%
4. 6'051 km Mississippi
80%
6. 5'410 km Ob
80%
79. 1'239 km Rhein
80%
37. 2'201 km Dnepr
60%
8. 4'845 km Huáng Hé
60%
40. 2'170 km Irrawaddy
60%
5. 5'540 km Jenissei
60%
10. 4'692 km Lena
60%
11. 4'500 km Mekong
60%
36. 2'240 km Columbia River
40%
21. 3'180 km Indus
40%
44. 1'910 km Juba
40%
31. 2'513 km Kolyma
40%
13. 4'184 km Niger
40%
50. 1'800 km Okavango
40%
35. 2'292 km Olenjok
40%
14. 3'998 km Paraná
40%
22. 3'034 km Rio Grande
40%
30. 2'574 km Sambesi
40%
39. 2'190 km Tarim
40%
33. 2'428 km Ural
40%
47. 1'819 km Volta
40%
28. 2'743 km Amudarja
20%
42. 2'060 km Brazos River
20%
34. 2'333 km Colorado River
20%
62. 1'438 km Colorado River
20%
66. 1'368 km Fraser River
20%
43. 1'977 km Indigirka
20%
52. 1'750 km Limpopo
20%
12. 4'260 km Mackenzie
20%
18. 3'450 km Meghna
20%
15. 3'672 km Murray River
20%
29. 2'671 km Nelson River
20%
49. 1'806 km Nördliche Dwina
20%
41. 2'160 km Oranje
20%
24. 3'010 km Orinoco
20%
48. 1'809 km Petschora
20%
46. 1'872 km Río Colorado
20%
19. 3'199 km Rio São Francisco
20%
32. 2'450 km Rio Tocantins
20%
25. 2'980 km Saluen
20%
26. 2'930 km Sankt-Lorenz-Strom
20%
53. 1'740 km Schari
20%
16. 3'596 km Schatt al-Arab
20%
63. 1'430 km Senegal
20%
23. 3'019 km Syrdarja
20%
38. 2'197 km Xi Jiang
20%
20. 3'185 km Yukon River
20%
57. 1'590 km Alaseja
0%
55. 1'636 km Chatanga
0%
77. 1'254 km Cherlen
0%
56. 1'609 km Churchill River
0%
64. 1'420 km Cooper Creek
0%
70. 1'352 km Dnister
0%
60. 1'465 km Godavari
0%
61. 1'439 km Ili
0%
59. 1'492 km Jana
0%
68. 1'355 km Kizilirmak
0%
75. 1'291 km Krishna
0%
67. 1'364 km Kura
0%
80. 1'165 km Kuskokwim River
0%
71. 1'345 km Liao
0%
73. 1'310 km Mobile River
0%
72. 1'312 km Narmada
0%
69. 1'355 km Pjassina
0%
76. 1'281 km Río Grande de Santiago
0%
58. 1'538 km Río Magdalena
0%
74. 1'300 km Río Negro
0%
54. 1'716 km Rio Parnaíba
0%
51. 1'790 km Río Uruguay
0%
65. 1'401 km Tas
0%
Keine übereinstimmenden Quizze gefunden
Verteilung der Resultate
Anzahl Personen mit jedem Resultat
Perzentil nach korrekt beantworteten Fragen
Ihre Resultats-Entwicklung
Sie haben dieses Quiz noch nicht gespielt